ओशो प्रतिभावंत ध्यानयोगी (Record no. 179813)

MARC details
000 -LEADER
fixed length control field 00503nam a2200145Ia 4500
008 - FIXED-LENGTH DATA ELEMENTS--GENERAL INFORMATION
fixed length control field 090124s9999 xx 000 0 und d
082 ## - DEWEY DECIMAL CLASSIFICATION NUMBER
Item number 133578
Classification number 102348
245 ## - TITLE STATEMENT
Title ओशो प्रतिभावंत ध्यानयोगी
250 ## - EDITION STATEMENT
Edition statement 1
260 ## - PUBLICATION, DISTRIBUTION, ETC. (IMPRINT)
Name of publisher, distributor, etc पै शिरीष
Date of publication, distribution, etc 2005
300 ## - PHYSICAL DESCRIPTION
Extent 120
630 ## - SUBJECT ADDED ENTRY--UNIFORM TITLE
Uniform title ओशो प्रतिभावंत ध्यानयोगी
730 ## - ADDED ENTRY--UNIFORM TITLE
Uniform title ओशो प्रतिभावंत ध्यानयोगी
942 ## - ADDED ENTRY ELEMENTS (KOHA)
Koha item type Book
Holdings
Withdrawn status Lost status Damaged status Not for loan Home library Current library Date acquired Cost, normal purchase price Total Checkouts Full call number Barcode Date last seen Cost, replacement price Price effective from Koha item type
        Marathi Granth Sangrahalaya,Thane Marathi Granth Sangrahalaya,Thane   90.00   133578 THNMGS-133578 01/24/2009 90.00 01/24/2009 Book